Prueba de Bad Bunny - Estadísticas

Estadísticas generales
  • Esta prueba ha sido intentada 292 veces
  • La puntuación promedio es 10 de 15
Estadísticas de respuestas
Pregunta Respuesta % Correcto
¿Cuál es su nombre? Benito
99%
¿Quién le preguntó si tienes muchas novias? Tití
97%
¿En qué isla nació? Puerto Rico
94%
¿Cómo traduce Bad Bunny al español? Conejo Malo
92%
¿Qué significa YHLQMDLG? Yo hago lo que me da la gana
92%
¿Con quién colaboró en la exitosa «Mía»? Drake
83%
¿Cuáles son sus apellidos? Martínez
74%
¿En qué canción colaboró con Jhayco, siendo uno de sus más reproducidas de todos tiempos? «Dákiti»
73%
¿Con qué grupo colaboró en «Un x100to»? Grupo Frontera
65%
¿Cuáles son sus apellidos? Ocasio
65%
¿Con quién salía por mucho del 2023? Kendall Jenner
53%
¿Dónde fue el artista más reproducido entre 2020 y 2022? Spotify
47%
¿En qué película aparece como el Lobo? Bullet Train
34%
¿En qué evento apareció como invitado especial en 2020 con J Balvin y Emme Muñiz? Super Bowl LIV
17%
Y ¿en qué barrio nació? Almirante Sur
16%
No se encontraron pruebas coincidentes
Distribución de puntuación
Porcentaje de gente con cada puntuación
Porcentaje por número respondido
Historial de tus puntuaciones
No has intentado esta prueba.